Quizzes
Events
Quiz Creation
Community
Videos
Private Events
Remove Ads
Sign In
Join for FREE
Feedback
Dark Mode
Quiz Categories
Sports
Geography
Music
Movies
Television
Just For Fun
Miscellaneous
History
Literature
Language
Science
Gaming
Entertainment
Religion
Holiday
For Kids
Quiz Lab
Recent
Popular Today
Quiz Kudos Today
Editor Picks
Curator Picks
Quizzes by...
Day
Popularity
Type
Ratings
Length
Year
Community
Subscriptions
Recent Discussions
Orange Saloon
Badges
Playlists
Quests
Create
Leaderboards
Showdown
Live 5
Trivia Bingo
Activity
Puzzle Library
Sporcle Events
Private Events
Virtual Trivia
Globe League
Become a Host
Pub Owners
SporcleCon
Opinionation
Our Games
Videos
Blog
Mobile Apps
Partnerships
Remove Ads and Go Orange
Feedback
Literature
Harry Potter
A Song of Ice and Fire
The Hunger Games
Literary Character
Shakespeare
Book
Author
Novel
Poem
Young Adult
Children's Books
Play
Lord of the Rings
Literature
Harry Potter
A Song of Ice and Fire
The Hunger Games
Literary Character
Shakespeare
Book
Author
Novel
Poem
Young Adult
Children's Books
Play
Lord of the Rings
Random Quiz
Search Sporcle
×
Quiz Lab
Quiz Lab
Literature
second
Type in answers that appear in a list
Type in answers that appear in a list
Classic
Best Score? Go Orange.
Declaration of Independence Stats
Can you name the second paragraph of The Declaration of Independece?
By
mpmonks7
13m
269 Questions
99 Plays
99 Plays
99 Plays
Comments
Comments
Give Quiz Kudos
Give Quiz Kudos
-
- Ratings
hide this ad
Forced Order
Answers have to be entered in order
Answers have to be entered in order
Replay
Link that replays current quiz
Next Quiz
Link to next quiz in quiz playlist
You Got
0%
They Got
Avg Score
29%
Avg Friend Score
Upgrade to see
Score Distribution
Jump to the score distribution portion of the page
Score
0/269
Timer
13:00
0
Plays Today
Word
% Correct
We
100%
hold
91.9%
these
91.9%
be
90.9%
truths
89.9%
to
89.9%
self
89.9%
evident,
88.9%
that
87.9%
are
87.9%
all
86.9%
men
86.9%
created
86.9%
equal,
86.9%
that
84.8%
are
84.8%
they
82.8%
endowed
82.8%
by
82.8%
their
82.8%
creator
82.8%
rights,
82.8%
certain
81.8%
unalienable
81.8%
these
81.8%
are
81.8%
Life,
81.8%
Liberty,
81.8%
and
81.8%
the
81.8%
of
81.8%
with
80.8%
that
80.8%
Happiness.
80.8%
among
79.8%
pursuit
78.8%
--That
69.7%
these
69.7%
rights,
69.7%
to
68.7%
are
68.7%
secure
67.7%
Governments
66.7%
men,
66.7%
among
65.7%
their
65.7%
deriving
64.6%
the
63.6%
instituted
62.6%
of
62.6%
the
62.6%
powers
61.6%
from
61.6%
consent
60.6%
governed,
60.6%
--That
53.5%
of
51.5%
Government
50.5%
of
50.5%
these
50.5%
the
50.5%
Right
50.5%
of
50.5%
the
50.5%
any
49.5%
Form
49.5%
to
49.5%
to
49.5%
whenever
48.5%
becomes
48.5%
ends,
48.5%
is
48.5%
People
48.5%
or
48.5%
it
47.5%
alter
47.5%
abolish
47.5%
it,
47.5%
destructive
46.5%
and
35.4%
government
34.3%
to
33.3%
new
31.3%
institute
30.3%
and
30.3%
in
30.3%
such
28.3%
powers
28.3%
laying
27.3%
its
27.3%
Word
% Correct
foundation
27.3%
on
27.3%
principles
27.3%
organizing
27.3%
its
27.3%
such
27.3%
form,
26.3%
to
26.3%
and
26.3%
as
25.3%
Happiness.
25.3%
them
24.2%
their
24.2%
Safety
23.2%
most
22.2%
to
22.2%
effect
22.2%
shall
21.2%
likely
21.2%
seem
20.2%
be
16.2%
and
16.2%
that
15.2%
will
14.1%
governments
14.1%
for
14.1%
causes;
14.1%
and
14.1%
are
14.1%
right
14.1%
Prudence,
13.1%
indeed,
13.1%
long
13.1%
established
13.1%
should
13.1%
not
13.1%
changed
13.1%
light
13.1%
transient
13.1%
all
13.1%
that
13.1%
are
13.1%
to
13.1%
to
13.1%
the
13.1%
are
13.1%
hath
12.1%
shewn,
12.1%
by
12.1%
to
12.1%
when
12.1%
of
12.1%
and
12.1%
the
12.1%
right,
12.1%
and
12.1%
the
12.1%
of
12.1%
these
12.1%
and
12.1%
The
12.1%
of
12.1%
the
12.1%
of
12.1%
dictate
11.1%
experience
11.1%
mankind
11.1%
more
11.1%
while
11.1%
they
11.1%
to
11.1%
to
11.1%
Government,
11.1%
to
11.1%
the
11.1%
of
11.1%
according
10.1%
disposed
10.1%
suffer,
10.1%
evils
10.1%
sufferable,
10.1%
than
10.1%
themselves
10.1%
which
10.1%
a
10.1%
a
10.1%
them
10.1%
is
10.1%
their
10.1%
is
10.1%
Word
% Correct
their
10.1%
such
10.1%
for
10.1%
their
10.1%
--Such
10.1%
such
10.1%
to
10.1%
Government.
10.1%
of
10.1%
and
10.1%
in
10.1%
the
10.1%
of
10.1%
an
10.1%
be
10.1%
abolishing
9.1%
forms
9.1%
accustomed.
9.1%
But
9.1%
long
9.1%
it
9.1%
it
9.1%
new
9.1%
has
9.1%
is
9.1%
them
9.1%
their
9.1%
is
9.1%
a
9.1%
all
9.1%
these
9.1%
To
9.1%
to
9.1%
a
9.1%
train
8.1%
abuses
8.1%
usurpations,
8.1%
pursuing
8.1%
invariably
8.1%
Object
8.1%
evinces
8.1%
been
8.1%
Colonies;
8.1%
which
8.1%
alter
8.1%
King
8.1%
same
7.1%
design
7.1%
reduce
7.1%
under
7.1%
absolute
7.1%
duty,
7.1%
throw
7.1%
off
7.1%
provide
7.1%
Guards
7.1%
future
7.1%
security.
7.1%
patient
7.1%
sufferance
7.1%
now
7.1%
history
7.1%
present
7.1%
Great
7.1%
Britain
7.1%
necessity
6.1%
constrains
6.1%
former
6.1%
Systems
6.1%
usurpations,
6.1%
object
6.1%
Tyranny
6.1%
history
5.1%
repeated
5.1%
injuries
5.1%
having
5.1%
direct
5.1%
establishment
5.1%
absolute
5.1%
over
5.1%
prove
5.1%
this,
5.1%
let
5.1%
submitted
5.1%
candid
5.1%
world.
5.1%
States.
4%
Facts
4%
Depotism,
3%
Quiz Playlist
Details
Report
Send in Message
Add To Playlist
Classic:
Type in answers that appear in a list
Forced Order:
Answers have to be entered in order
Last Updated: Feb 16, 2017
Quiz Scoreboard
CHALLENGE
Sign Up to Join the Scoreboard
Show All
Scores
Hide
Comments
May contain spoilers
Recently Published
College Basketball Coaching Resumes
by pancakes188
Sports
9m
Billboard Blitz: Fleetwood Mac
by CooCooCachoo
Music
15s
Presidents Visiting Landmarks
by Hejman
History
7m
More to Explore
Quiz From the Vault
Featured Blog Post
Where Did the Easter Bunny Come From?
hide this ad
You Might Also Like...
Tags
declaration
independence
second
Today's Top Quizzes in Literature
Browse Literature
hide this ad
Today's Top Quizzes in second
Browse second
Top Contributed Quizzes in Literature
1
Sneaky Slytherin Logic Puzzle
2
Get The Picture: Black or White Literature
3
5-to-1: Plays
4
A Court of Thorns and Roses (ACoTaR) Logic Puzzle
5
One Thing in Common: Literature
6
One Thing in Common: Literature 3
7
One Thing in Common: Literature II
8
One Thing in Common: Books
9
Literary Siblings Odd One Out III
10
Harry Potter Neighbourly Logic Puzzle #5
Explore More
Trending Topics
NBA
Harry Potter
Anime
Disney
Kpop
Crossword
Marvel
Song
NFL
Country
Puzzle
Soccer
Pokémon
The Office
WWE
hide this ad
More By:
mpmonks7
Quiz
Plays
Rating
Category
Featured
Created
Declaration of Independence
99
Literature
Nov 21, 2011
Go to Creator's Profile
Score Distribution
Quiz Creator Spotlight
mpmonks7
Follow
Send a Message
Quizzes Created
-
Created Quiz Play Count
-
More By This Creator
Popular Quizzes Today
1
Find the US States - No Outlines Minefield
2
Find the Countries of Europe - No Outlines Minefield
3
The Countries of the World
4
Find the US States
5
Risky Map Clicking: Biggest States A-Z
6
US States
7
Popular People in 1961
8
Movies - When Are They Set?
More Literature Quizzes
3 Books by J.D. Salinger
Quiz Lab
Trending Quizzes
Risky Map Clicking: Least Populous States A-Z
1-10 Letter G Words
1-10 Letter F Words
Risky Map Clicking: Next State Alphabetically
Risky Map Clicking: Biggest States A-Z
Recently Updated
Leaping Animals
pecheneg
Reality TV Shows (A-Z)
bhenderson79
Rickey Henderson's Hall of Fame Teammates
pecheneg
Champions League XIs: Arsenal
pecheneg
Quick Pick: Celebrities in WWE's Hall of Fame
aduchscher
A-Z Keypad Blitz II
pecheneg
Multiple Oscar Actors
pecheneg
Mystery Phrase Blitz: Oscar 'Best Actors'
pecheneg
F. Scott Fitzgerald Novels
LTH
Pick 3 Villains
ddd62291
Trending Topics
Harry Potter
Marvel
Kpop
Anime
Disney
NBA
Crossword
Pokémon
Soccer
Puzzle
Country
WWE
Song
NFL
The Office
Your Account Isn't Verified!
In order to create a playlist on Sporcle, you need to verify the email address you used during registration. Go to your
Sporcle Settings
to finish the process.
Report this User
Report this user for behavior that violates our
Community Guidelines
.
Details:
Send Report
Go to the Sporcle.com Mobile Site →
Comments